[Event "RUS-chT rapid"]
[Site "Sochi"]
[Date "2019.10.18"]
[Round "4.3"]
[White "Nechaev, Oleg"]
[Black "Golubov, Saveliy"]
[Result "0-1"]
[WhiteElo "2371"]
[BlackElo "2469"]
[PlyCount "114"]
[EventDate "2019.10.18"]
[EventType "team-swiss (rapid)"]
[EventRounds "9"]
[EventCountry "RUS"]
[SourceTitle "CBM 192 Extra"]
[Source "Chessbase"]
[SourceDate "2019.11.06"]
[SourceVersion "1"]
[SourceVersionDate "2019.11.06"]
[SourceQuality "1"]
[WhiteTeam "Stavropol Region"]
[BlackTeam "Moscow Chess Transit"]
[WhiteTeamCountry "RUS"]
[BlackTeamCountry "RUS"]

1. c4 Nf6 2. g3 g6 3. Bg2 Bg7 4. Nc3 0-0 5. e4 e5 6. Nge2 d6 7. 0-0 Nc6 8. d3 Nd7 9. Be3 Nc5 10. Rb1 a5 11. d4 exd4 12. Nxd4 Ne5 13. b3 a4 14. h3 axb3 15. axb3 Bd7 16. f4 Nc6 17. b4 Ne6 18. Nde2 Re8 19. Qd2 f5 20. exf5 gxf5 21. Nd5 Ra3 22. Bf2 Qa8 23. Nec3 Ne7 24. Nxe7+ Rxe7 25. Nd5 Rf7 26. Rbc1 Ra2 27. Rc2 Rxc2 28. Qxc2 Qa3 29. Re1 Kh8 30. Re3 Qa8 31. Qe2 Nd4 32. Qh5 Qf8 33. Nxc7 Rf6 34. Qd1 Rg6 35. Rd3 Nc6 36. c5 Nxb4 37. Rxd6 Rxd6 38. cxd6 Nc6 39. Qd5 Nb4 40. Qd2 Nc6 41. Bc5 h6 42. Kh2 Kh7 43. Bf3 Qf6 44. g4 fxg4 45. Be4+ Kh8 46. Nd5 Qe6 47. Bc2 gxh3 48. Qd3 Kg8 49. Ne7+ Kf8 50. Bb3 Ne5 51. fxe5 Qxe5+ 52. Qg3 Qxc5 53. Ng6+ Ke8 54. Qe1+ Kd8 55. Qh4+ Qg5 56. Qxg5+ hxg5 57. Ne7 Be5+ 0-1

[Event "Grozny Kadyrov Memorial rapid"]
[Site "Grozny"]
[Date "2019.06.10"]
[Round "11"]
[White "Nechaev, Oleg"]
[Black "Pshmahov, Osman"]
[Result "1-0"]
[WhiteElo "2371"]
[BlackElo "2039"]
[PlyCount "155"]
[EventDate "2019.06.09"]
[EventType "swiss (rapid)"]
[EventRounds "11"]
[EventCountry "RUS"]
[SourceTitle "CBM 190 Extra"]
[Source "ChessBase"]
[SourceDate "2019.07.15"]
[SourceVersion "1"]
[SourceVersionDate "2019.07.15"]
[SourceQuality "1"]

1. d4 Nf6 2. Bg5 Ne4 3. Bf4 d5 4. e3 e6 5. Bd3 Nf6 6. Nf3 Bd6 7. Nbd2 Bxf4 8. exf4 c5 9. c3 cxd4 10. Nxd4 Nc6 11. N2f3 Qc7 12. g3 0-0 13. 0-0 h6 14. Re1 Nd7 15. Rc1 Nc5 16. Bb1 a5 17. b3 f5 18. c4 dxc4 19. Rxc4 b6 20. Nb5 Qd8 21. Qe2 Qf6 22. Qe3 Ba6 23. a4 Rad8 24. h3 Rd5 25. g4 Rfd8 26. g5 hxg5 27. fxg5 Qf7 28. Bc2 e5 29. Nh4 e4 30. g6 Qf6 31. Qf4 Ne6 32. Qg3 f4 33. Qh2 Qxh4 34. Rxc6 Rg5+ 35. Kh1 Nc5 36. Nd6 Qh5 37. Bd1 f3 38. Rg1 Rxg1+ 39. Qxg1 Qxh3+ 40. Qh2 Qf1+ 41. Qg1 Qh3+ 42. Qh2 Qf1+ 43. Qg1 Ne6 44. Qxf1 Bxf1 45. Kg1 Be2 46. Bc2 Nd4 47. Rc7 Bd3 48. Bd1 Be2 49. Nf7 Re8 50. Bc2 Nxc2 51. Rxc2 Bd3 52. Rc6 b5 53. axb5 Bxb5 54. Rc5 Bd3 55. Ne5 Bb1 56. Rxa5 Kf8 57. Kh2 Ke7 58. Ng4 Rb8 59. Ra7+ Kf8 60. Rf7+ Kg8 61. Rc7 e3 62. fxe3 Bxg6 63. Ne5 Be4 64. Kg3 Rxb3 65. Ng4 Rb1 66. Nf2 Rg1+ 67. Kf4 Rg2 68. Nxe4 f2 69. Rc1 Rg1 70. Rc8+ Kh7 71. Nxf2 Ra1 72. e4 Ra2 73. Nd3 Ra7 74. e5 Ra4+ 75. Kf5 Ra3 76. Nf4 Ra5 77. Ng6 Ra8 78. Rxa8 1-0

[Event "Stavropol Cup"]
[Site "Stavropol"]
[Date "2019.05.12"]
[Round "7"]
[White "Nechaev, Oleg"]
[Black "Demchenko, Anton"]
[Result "0-1"]
[WhiteElo "2371"]
[BlackElo "2671"]
[PlyCount "61"]
[EventDate "2019.05.11"]
[EventType "swiss (rapid)"]
[EventRounds "9"]
[EventCountry "RUS"]
[SourceTitle "CBM 190 Extra"]
[Source "ChessBase"]
[SourceDate "2019.07.15"]
[SourceVersion "1"]
[SourceVersionDate "2019.07.15"]
[SourceQuality "1"]

1. c4 e5 2. g3 Nc6 3. Bg2 Bc5 4. Nc3 d6 5. e3 a6 6. Nge2 Ba7 7. 0-0 h5 8. Rb1 h4 9. b4 Bf5 10. d3 Qd7 11. b5 axb5 12. cxb5 Na5 13. Rb4 hxg3 14. fxg3 Bh3 15. Bxh3 Qxh3 16. Rf2 Nf6 17. Qf1 Qe6 18. Ne4 Nd5 19. Ng5 Qg6 20. Nxf7 Rf8 21. Rg4 Qxg4 22. Nxd6+ Ke7 23. Nf5+ Kd7 24. Qg2 c6 25. h3 Qb4 26. bxc6+ bxc6 27. Kh2 g6 28. Nh6 Rxf2 29. Qxf2 Rf8 30. Nf7 Ke8 31. Bd2 0-1

[Event "Sochi Amateur op 6th"]
[Site "Sochi"]
[Date "2019.04.13"]
[Round "9"]
[White "Nechaev, Oleg"]
[Black "Bykova, Anastasia"]
[Result "0-1"]
[WhiteElo "2400"]
[BlackElo "2191"]
[PlyCount "57"]
[EventDate "2019.04.07"]
[EventType "swiss"]
[EventRounds "9"]
[EventCountry "RUS"]
[SourceTitle "CBM 189 Extra"]
[Source "ChessBase"]
[SourceDate "2019.06.03"]
[SourceVersion "1"]
[SourceVersionDate "2019.06.03"]
[SourceQuality "1"]

1. Nf3 d5 2. g3 Nf6 3. Bg2 c6 4. 0-0 Bg4 5. c4 e6 6. d4 Nbd7 7. Nc3 Be7 8. h3 Bxf3 9. Bxf3 dxc4 10. a4 a5 11. e4 0-0 12. Qe2 Nb6 13. Rd1 Nfd7 14. Bg2 Qc7 15. f4 Rad8 16. Be3 Rfe8 17. Qf2 Bb4 18. g4 Nc8 19. g5 Nd6 20. Rac1 Qb8 21. Ne2 Nb6 22. d5 Nxa4 23. e5 Nf5 24. Ba7 Qxa7 25. Qxa7 Bc5+ 26. Qxc5 Nxc5 27. Rxc4 Ne3 28. Rxc5 Nxd1 29. Rc1 0-1

[Event "RUS-chT blitz"]
[Site "Sochi"]
[Date "2018.10.10"]
[Round "10.7"]
[White "Demidov, Mikhail"]
[Black "Nechaev, Oleg"]
[Result "1/2-1/2"]
[WhiteElo "2514"]
[BlackElo "2400"]
[PlyCount "123"]
[EventDate "2018.10.10"]
[EventType "team-swiss (blitz)"]
[EventRounds "15"]
[EventCountry "RUS"]
[SourceTitle "CBM 186 Extra"]
[Source "ChessBase"]
[SourceDate "2018.08.24"]
[SourceVersion "1"]
[SourceVersionDate "2018.08.24"]
[SourceQuality "1"]
[WhiteTeam "Karpov Chess School"]
[BlackTeam "Stavropol Region"]
[WhiteTeamCountry "RUS"]
[BlackTeamCountry "RUS"]

1. Nf3 c5 2. g3 g6 3. Bg2 Bg7 4. 0-0 Nc6 5. e4 e5 6. d3 Nge7 7. Nc3 0-0 8. Nh4 d6 9. f4 Nd4 10. Kh1 Be6 11. Nd5 Bxd5 12. exd5 exf4 13. Bxf4 Nef5 14. Nxf5 Nxf5 15. c3 Re8 16. Re1 Qb6 17. Qb3 Bh6 18. Bxh6 Nxh6 19. Bh3 Qxb3 20. axb3 Rxe1+ 21. Rxe1 Kf8 22. Kg2 Re8 23. Rxe8+ Kxe8 24. Kf3 Ke7 25. Ke3 f5 26. d4 b6 27. Kd3 Kd8 28. Kc4 Kc7 29. dxc5 bxc5 30. b4 cxb4 31. Kxb4 Kb6 32. Kc4 Nf7 33. Bf1 Ne5+ 34. Kd4 Nf3+ 35. Ke3 Nxh2 36. Be2 h5 37. Kf4 Ng4 38. b4 Nf6 39. c4 Ne4 40. Bd3 Nf2 41. Bf1 Nd1 42. Kg5 Nc3 43. Kf6 Ne4+ 44. Ke7 g5 45. Bd3 h4 46. gxh4 gxh4 47. c5+ Nxc5 48. Bxf5 Nb7 49. Bd7 a5 50. bxa5+ Kxa5 51. Bc8 Kb6 52. Kf6 Na5 53. Kg5 Kc5 54. Be6 Nc4 55. Kxh4 Nb6 56. Kg4 Nxd5 57. Kf3 Nc7 58. Bf7 Kd4 59. Ke2 Nb5 60. Kd2 Ke5 61. Bc4 Nd4 62. Ba2 1/2-1/2

[Event "RUS-chT blitz"]
[Site "Sochi"]
[Date "2018.10.10"]
[Round "8.7"]
[White "Lugovskoy, Maxim"]
[Black "Nechaev, Oleg"]
[Result "0-1"]
[WhiteElo "2428"]
[BlackElo "2400"]
[PlyCount "82"]
[EventDate "2018.10.10"]
[EventType "team-swiss (blitz)"]
[EventRounds "15"]
[EventCountry "RUS"]
[SourceTitle "CBM 186 Extra"]
[Source "ChessBase"]
[SourceDate "2018.08.24"]
[SourceVersion "1"]
[SourceVersionDate "2018.08.24"]
[SourceQuality "1"]
[WhiteTeam "Sochi Archibald Chess"]
[BlackTeam "Stavropol Region"]
[WhiteTeamCountry "RUS"]
[BlackTeamCountry "RUS"]

1. e4 c5 2. c3 Nc6 3. Nf3 d5 4. e5 Bg4 5. d4 cxd4 6. cxd4 Bxf3 7. gxf3 e6 8. Nc3 Nge7 9. Be3 Nf5 10. Bd3 Nfxd4 11. Bxd4 Nxd4 12. Qa4+ Nc6 13. f4 Be7 14. f5 0-0 15. f6 Bb4 16. Qd1 g6 17. f4 d4 18. a3 dxc3 19. axb4 cxb2 20. Rb1 Qd5 21. Rg1 Rfd8 22. Rg3 Nxb4 23. Ke2 Nxd3 24. Qxd3 Qa2 25. Qc2 Rac8 26. Qe4 Rc1 27. Rd3 Rdc8 28. Qd4 R1c2+ 29. Ke3 h5 30. f5 Qxb1 31. fxg6 Qg1+ 32. Kf3 Qxd4 33. Rxd4 R8c3+ 34. Kf4 Rc4 35. Kg5 Rxd4 36. h4 Rg4+ 37. Kh6 Rxg6+ 38. Kxh5 Rg3 39. Kh6 Kf8 40. h5 Rh2 41. Kh7 Rxh5# 0-1

[Event "RUS-chT blitz"]
[Site "Sochi"]
[Date "2018.10.10"]
[Round "1.1"]
[White "Nechaev, Oleg"]
[Black "Kamsky, Gata"]
[Result "0-1"]
[WhiteElo "2400"]
[BlackElo "2666"]
[PlyCount "78"]
[EventDate "2018.10.10"]
[EventType "team-swiss (blitz)"]
[EventRounds "15"]
[EventCountry "RUS"]
[SourceTitle "CBM 186 Extra"]
[Source "ChessBase"]
[SourceDate "2018.08.24"]
[SourceVersion "1"]
[SourceVersionDate "2018.08.24"]
[SourceQuality "1"]
[WhiteTeam "Stavropol Region"]
[BlackTeam "Kazan Ladya"]
[WhiteTeamCountry "RUS"]
[BlackTeamCountry "RUS"]

1. c4 e5 2. Nc3 Nc6 3. g3 Bc5 4. Bg2 a6 5. e3 d6 6. Nge2 Ba7 7. a3 Nf6 8. b4 0-0 9. 0-0 Bd7 10. Bb2 Rb8 11. Rc1 Re8 12. Qc2 Ne7 13. Nd5 Nexd5 14. cxd5 Rc8 15. Nc3 h5 16. f4 c6 17. fxe5 dxe5 18. Qb3 Qe7 19. dxc6 Bxc6 20. Bxc6 Rxc6 21. Nd5 Nxd5 22. Qxd5 Rd6 23. Qf3 Rxd2 24. Ba1 Rd3 25. Qxh5 Bxe3+ 26. Kh1 Bxc1 27. Rxc1 Qd7 28. Qe2 Qd5+ 29. Kg1 Rd2 30. Qf1 e4 31. Rc5 Qd7 32. Rg5 g6 33. Qf6 Rd1+ 34. Kg2 Rxa1 35. Rxg6+ fxg6 36. Qxg6+ Kf8 37. Qf6+ Qf7 38. Qh8+ Ke7 39. Qe5+ Kd7 0-1

[Event "RUS-chT blitz"]
[Site "Sochi"]
[Date "2018.10.10"]
[Round "2.7"]
[White "Sergeyev, Alexander"]
[Black "Nechaev, Oleg"]
[Result "0-1"]
[WhiteElo "2397"]
[BlackElo "2400"]
[PlyCount "102"]
[EventDate "2018.10.10"]
[EventType "team-swiss (blitz)"]
[EventRounds "15"]
[EventCountry "RUS"]
[SourceTitle "CBM 186 Extra"]
[Source "ChessBase"]
[SourceDate "2018.08.24"]
[SourceVersion "1"]
[SourceVersionDate "2018.08.24"]
[SourceQuality "1"]
[WhiteTeam "QMAL"]
[BlackTeam "Stavropol Region"]
[WhiteTeamCountry "RUS"]
[BlackTeamCountry "RUS"]

1. e4 c5 2. Nc3 Nc6 3. Bb5 g6 4. Bxc6 dxc6 5. Nf3 Bg7 6. 0-0 Nf6 7. Re1 0-0 8. d3 Ne8 9. h3 e5 10. Be3 b6 11. a4 a5 12. Nd2 Nc7 13. Nc4 Ne6 14. Qd2 Ra7 15. Kh1 Kh8 16. f4 exf4 17. Bxf4 Nxf4 18. Qxf4 Be6 19. Rad1 Bxc4 20. dxc4 Rd7 21. Rxd7 Qxd7 22. e5 Re8 23. Rd1 Qe7 24. Qe4 Bxe5 25. Qxc6 Bxc3 26. bxc3 Qe2 27. Qf6+ Kg8 28. Rf1 Qxc4 29. Rf3 Qe6 30. Qxe6 Rxe6 31. Rd3 Re4 32. Rd6 Rxa4 33. Rxb6 Rc4 34. Ra6 Rxc3 35. Rxa5 Rxc2 36. Kh2 h5 37. Kg3 Kg7 38. Kf3 c4 39. Rc5 c3 40. Rc6 Rc1 41. Rc7 Kf6 42. Rc6+ Ke5 43. Rc7 Kd4 44. Ke2 Rg1 45. Kf2 Rb1 46. Ke2 Rb2+ 47. Kf3 c2 48. Rd7+ Kc3 49. Rc7+ Kd2 50. Rd7+ Kc1 51. Ke2 Kb1 0-1

[Event "RUS-chT rapid"]
[Site "Sochi"]
[Date "2018.10.08"]
[Round "5.4"]
[White "Kozionov, Kirill"]
[Black "Nechaev, Oleg"]
[Result "1-0"]
[WhiteElo "2458"]
[BlackElo "2400"]
[PlyCount "87"]
[EventDate "2018.10.08"]
[EventType "team-swiss (rapid)"]
[EventRounds "9"]
[EventCountry "RUS"]
[SourceTitle "CBM 186 Extra"]
[Source "ChessBase"]
[SourceDate "2018.08.24"]
[SourceVersion "1"]
[SourceVersionDate "2018.08.24"]
[SourceQuality "1"]
[WhiteTeam "Karpov Chess School"]
[BlackTeam "Stavropol Region"]
[WhiteTeamCountry "RUS"]
[BlackTeamCountry "RUS"]

1. d4 Nf6 2. c4 c5 3. d5 b5 4. cxb5 a6 5. b6 g6 6. Nc3 Bg7 7. e4 0-0 8. Nf3 d6 9. Be2 Nbd7 10. a4 a5 11. 0-0 Nxb6 12. Bf4 Ba6 13. Rc1 Qd7 14. Bxa6 Rxa6 15. b3 Ne8 16. Re1 Nc7 17. h3 Rb8 18. e5 Nc8 19. Ne4 Qf5 20. Bh2 Rab6 21. Rc3 Rb4 22. g4 Qd7 23. Kg2 f5 24. gxf5 Qxf5 25. Rce3 dxe5 26. Nxc5 Nd6 27. Bxe5 Bh6 28. Rd3 Rf8 29. Bg3 Bf4 30. Rxe7 Bxg3 31. fxg3 Ne4 32. Rxc7 Nxg3 33. Ne6 Nh5 34. Rd4 Rxd4 35. Nexd4 Nf4+ 36. Kg1 Qxh3 37. Qf1 Qg3+ 38. Kh1 Nh3 39. Rc2 Ng5 40. Qg2 Qf4 41. Qxg5 Qe4 42. Qe5 Qd3 43. Qe6+ Kg7 44. Qe2 1-0

[Event "RUS-ch blitz"]
[Site "Sochi"]
[Date "2018.10.07"]
[Round "7.25"]
[White "Gordievsky, Dmitry"]
[Black "Nechaev, Oleg"]
[Result "1/2-1/2"]
[WhiteElo "2615"]
[BlackElo "2400"]
[PlyCount "46"]
[EventDate "2018.10.07"]
[EventType "swiss (blitz)"]
[EventRounds "20"]
[EventCountry "RUS"]
[SourceTitle "CBM 186 Extra"]
[Source "ChessBase"]
[SourceDate "2018.08.24"]
[SourceVersion "1"]
[SourceVersionDate "2018.08.24"]
[SourceQuality "1"]

1. Nf3 c5 2. e3 g6 3. Be2 Bg7 4. 0-0 Nf6 5. d4 0-0 6. d5 d6 7. Nc3 a6 8. a4 e5 9. Nd2 Nbd7 10. e4 Ne8 11. Nc4 Nb6 12. Nd2 f5 13. a5 Nd7 14. Nc4 f4 15. Bg4 Rb8 16. Na4 h5 17. Be6+ Kh7 18. Nab6 Nxb6 19. axb6 Bxe6 20. dxe6 Qe7 21. Qd5 Rf6 22. f3 Rxe6 23. Ra3 g5 1/2-1/2

[Event "RUS-chT2"]
[Site "Sochi"]
[Date "2018.05.10"]
[Round "9.5"]
[White "Oganian, Miran"]
[Black "Nechaev, Oleg"]
[Result "1/2-1/2"]
[WhiteElo "2422"]
[BlackElo "2410"]
[PlyCount "37"]
[EventDate "2018.05.01"]
[EventType "team-swiss"]
[EventRounds "9"]
[EventCountry "RUS"]
[SourceTitle "CBM 184 Extra"]
[Source "ChessBase"]
[SourceDate "2018.06.28"]
[SourceVersion "1"]
[SourceVersionDate "2018.06.28"]
[SourceQuality "1"]
[WhiteTeam "Auditing company SiViSi"]
[BlackTeam "Stavropol Region"]
[WhiteTeamCountry "RUS"]
[BlackTeamCountry "RUS"]

1. d4 Nf6 2. c4 e6 3. Nc3 d5 4. Nf3 dxc4 5. e4 Bb4 6. Bxc4 Nxe4 7. 0-0 Nxc3 8. bxc3 Bd6 9. Ng5 h6 10. Qh5 0-0 11. Ne4 f5 12. Nxd6 cxd6 13. Bxh6 gxh6 14. Qg6+ Kh8 15. Qxh6+ Kg8 16. Qg6+ Kh8 17. Qh6+ Kg8 18. Qg6+ Kh8 19. Qh6+ 1/2-1/2

[Event "RUS-chT2"]
[Site "Sochi"]
[Date "2018.05.04"]
[Round "4.3"]
[White "Novikov, Stanislav I"]
[Black "Nechaev, Oleg"]
[Result "1-0"]
[WhiteElo "2540"]
[BlackElo "2410"]
[PlyCount "121"]
[EventDate "2018.05.01"]
[EventType "team-swiss"]
[EventRounds "9"]
[EventCountry "RUS"]
[SourceTitle "CBM 184 Extra"]
[Source "ChessBase"]
[SourceDate "2018.06.28"]
[SourceVersion "1"]
[SourceVersionDate "2018.06.28"]
[SourceQuality "1"]
[WhiteTeam "Moscow Dystache"]
[BlackTeam "Stavropol Region"]
[WhiteTeamCountry "RUS"]
[BlackTeamCountry "RUS"]

1. c4 c5 2. Nc3 g6 3. g3 Bg7 4. Bg2 Nc6 5. Nf3 e5 6. 0-0 Nge7 7. Ne1 d6 8. Nc2 Be6 9. Ne3 Qd7 10. Ned5 0-0 11. d3 Bh3 12. Rb1 Bxg2 13. Kxg2 Nxd5 14. cxd5 Ne7 15. b4 cxb4 16. Rxb4 Rac8 17. Bd2 Rxc3 18. Bxc3 Nxd5 19. Qb3 Nxb4 20. Bxb4 Rd8 21. Rc1 d5 22. Bd2 h5 23. Bg5 f6 24. Be3 b6 25. a4 Kh7 26. d4 h4 27. Qb5 h3+ 28. Kf1 exd4 29. Bxd4 Rc8 30. Rd1 Qxb5 31. axb5 f5 32. f3 Bxd4 33. Rxd4 Rc5 34. Ra4 Rxb5 35. Rxa7+ Kh6 36. Kf2 Rb1 37. Ra8 Kg7 38. Ra7+ Kf6 39. Rh7 b5 40. Rxh3 b4 41. Rh8 d4 42. h4 b3 43. Rb8 Ke5 44. Rb5+ Kd6 45. g4 fxg4 46. fxg4 Kc6 47. Rb8 Kc5 48. h5 gxh5 49. g5 Ra1 50. Rxb3 Ra8 51. Rf3 Kd5 52. Kg3 Re8 53. Rf5+ Ke4 54. Rf2 Ke3 55. Rg2 Rg8 56. Kh4 Kf4 57. g6 Kf5 58. g7 Kf6 59. Kxh5 Rxg7 60. Rxg7 Kxg7 61. Kg5 1-0

[Event "RUS-chT blitz"]
[Site "Sochi"]
[Date "2017.10.05"]
[Round "1"]
[White "Nechaev, Oleg"]
[Black "Pridorozhni, Aleksei"]
[Result "0-1"]
[WhiteElo "2410"]
[BlackElo "2565"]
[PlyCount "51"]
[EventDate "2017.10.05"]
[EventType "team-swiss (blitz)"]
[EventRounds "15"]
[EventCountry "RUS"]
[SourceTitle "CBM 181 Extra"]
[Source "ChessBase"]
[SourceDate "2017.12.12"]
[SourceVersion "1"]
[SourceVersionDate "2017.12.12"]
[SourceQuality "1"]
[WhiteTeam "Stavropol Region"]
[BlackTeam "Khanty Mansyisk Yugra"]
[WhiteTeamCountry "RUS"]
[BlackTeamCountry "RUS"]

1. c4 e5 2. Nc3 Bb4 3. g3 Nf6 4. Bg2 0-0 5. Nf3 Re8 6. 0-0 c6 7. Ne1 d5 8. cxd5 cxd5 9. Nc2 Bf8 10. d4 e4 11. Bg5 Be6 12. Ne3 Qd7 13. Bxf6 gxf6 14. Qb3 Rd8 15. f3 Bh6 16. f4 f5 17. g4 fxg4 18. Kh1 Nc6 19. Rad1 Kh8 20. a3 Rac8 21. Na4 b6 22. Nc3 Ne7 23. Rf2 f5 24. h3 gxh3 25. Bxh3 Rg8 26. Rg1 0-1

[Event "RUS-chT rapid"]
[Site "Sochi"]
[Date "2017.10.03"]
[Round "1.2"]
[White "Nechaev, Oleg"]
[Black "Khismatullin, Denis Rimovich"]
[Result "0-1"]
[WhiteElo "2410"]
[BlackElo "2628"]
[PlyCount "93"]
[EventDate "2017.10.03"]
[EventType "team-swiss (rapid)"]
[EventRounds "9"]
[EventCountry "RUS"]
[SourceTitle "EXT 2018"]
[Source "ChessBase"]
[SourceDate "2017.10.13"]
[SourceVersion "1"]
[SourceVersionDate "2017.10.13"]
[SourceQuality "1"]
[WhiteTeam "Stavropol Region"]
[BlackTeam "Khanty Mansyisk Yugra"]
[WhiteTeamCountry "RUS"]
[BlackTeamCountry "RUS"]

1. d4 Nf6 2. Bg5 e6 3. Nd2 c5 4. e3 cxd4 5. exd4 Be7 6. Ngf3 b6 7. Bd3 Ba6 8. Bxa6 Nxa6 9. 0-0 0-0 10. a4 Qc7 11. c3 Qb7 12. Qe2 Nc7 13. Ne5 Ncd5 14. f4 d6 15. Nd3 h6 16. Bxf6 Nxf6 17. f5 e5 18. Rae1 Rfe8 19. dxe5 dxe5 20. Ne4 Rad8 21. Rf3 Qc6 22. Nxf6+ Bxf6 23. Qe4 Rd5 24. c4 Rd6 25. Qxc6 Rxc6 26. Re4 Be7 27. Kf1 f6 28. Ke2 Rec8 29. b3 a6 30. Nf2 Bc5 31. Nd3 Be7 32. Nf2 b5 33. axb5 axb5 34. Rc3 Ra8 35. Nd3 Ra2+ 36. Kf3 g6 37. fxg6 Kg7 38. c5 f5 39. Rxe5 Bf6 40. Kf4 Rxg2 41. Kxf5 Rg5+ 42. Ke4 Bxe5 43. Nxe5 Re6 44. Kd4 Rexe5 45. b4 Rd5+ 46. Ke4 Rge5+ 47. Kf4 0-1

[Event "RUS-chT rapid"]
[Site "Sochi"]
[Date "2017.10.03"]
[Round "5.2"]
[White "Nechaev, Oleg"]
[Black "Smagin, Sergey"]
[Result "0-1"]
[WhiteElo "2410"]
[BlackElo "2551"]
[PlyCount "106"]
[EventDate "2017.10.03"]
[EventType "team-swiss (rapid)"]
[EventRounds "9"]
[EventCountry "RUS"]
[SourceTitle "EXT 2018"]
[Source "ChessBase"]
[SourceDate "2017.10.13"]
[SourceVersion "1"]
[SourceVersionDate "2017.10.13"]
[SourceQuality "1"]
[WhiteTeam "Stavropol Region"]
[BlackTeam "Moscow Gogol Mogol"]
[WhiteTeamCountry "RUS"]
[BlackTeamCountry "RUS"]

1. c4 e6 2. d4 d5 3. Nc3 Nf6 4. cxd5 exd5 5. Bg5 c6 6. e3 Be7 7. Qc2 Nbd7 8. Bd3 Nh5 9. Bxe7 Qxe7 10. 0-0-0 Nb6 11. Kb1 Nf6 12. Nge2 Bg4 13. f3 Be6 14. g4 0-0-0 15. Ng3 g6 16. Rhe1 Kb8 17. Rc1 Ne8 18. Na4 Nxa4 19. Qxa4 Nd6 20. Qb4 Qd7 21. Rc3 Rhe8 22. Rec1 Rc8 23. Ne2 f5 24. gxf5 Bxf5 25. Bxf5 Nxf5 26. Nf4 Rxe3 27. Nd3 Qe7 28. Qa4 Nd6 29. Ne5 Rxc3 30. bxc3 Qe6 31. Ka1 Nc4 32. Nxc4 dxc4 33. Rb1 Rc7 34. Qc2 Qe3 35. Qb2 Qxf3 36. Qb4 Qd5 37. Qf8+ Rc8 38. Qe7 b6 39. Rf1 Rc7 40. Qf8+ Kb7 41. Re1 Qf7 42. Qb4 Qf2 43. Rb1 Qe2 44. a4 Rf7 45. a5 Rf2 46. Qa4 Rf5 47. axb6 axb6 48. Rb2 Qe1+ 49. Ka2 Qxc3 50. d5 Rxd5 51. Rc2 Ra5 52. Rxc3 Rxa4+ 53. Kb2 Ra5 0-1

[Event "RUS-ch blitz"]
[Site "Sochi"]
[Date "2017.10.02"]
[Round "14"]
[White "Kryakvin, Dmitry"]
[Black "Nechaev, Oleg"]
[Result "0-1"]
[WhiteElo "2583"]
[BlackElo "2410"]
[PlyCount "156"]
[EventDate "2017.10.02"]
[EventType "swiss (blitz)"]
[EventRounds "20"]
[EventCountry "RUS"]
[SourceTitle "EXT 2018"]
[Source "ChessBase"]
[SourceDate "2017.10.13"]
[SourceVersion "1"]
[SourceVersionDate "2017.10.13"]
[SourceQuality "1"]

1. Nf3 c5 2. c4 g6 3. e3 Bg7 4. Nc3 Nf6 5. Be2 0-0 6. 0-0 Nc6 7. d4 cxd4 8. Nxd4 d6 9. b3 Bd7 10. Bb2 Qa5 11. Rc1 Rfc8 12. Qd2 Rab8 13. Rfd1 a6 14. Bf3 b5 15. Bxc6 Bxc6 16. cxb5 axb5 17. h3 b4 18. Nxc6 Rxc6 19. Na4 Ne4 20. Qe2 Nc3 21. Bxc3 bxc3 22. Rc2 Rbc8 23. Rdc1 Qb4 24. Qd3 e6 25. g3 d5 26. h4 h5 27. Kg2 Kh7 28. Kh2 Bf6 29. Kg2 Kg7 30. Kh2 d4 31. exd4 Bxd4 32. Kg2 e5 33. Qe4 Qd6 34. Rd1 f5 35. Qf3 Qc7 36. Qd5 Qb7 37. Rxc3 Bxc3 38. Nxc3 Qe7 39. Nb5 Rc5 40. Qd7 Qxd7 41. Rxd7+ Kf6 42. a4 Rc2 43. Rd6+ Kg7 44. Rd7+ Kh6 45. Nd6 R8c7 46. Nf7+ Kg7 47. Nxe5+ Rxd7 48. Nxd7 Rc3 49. b4 Rc4 50. b5 Rxa4 51. b6 Rb4 52. Kf3 Kf7 53. Ne5+ Kf6 54. Nd7+ Ke7 55. Ne5 Rxb6 56. Kf4 Re6 57. f3 Kf6 58. Nd7+ Kg7 59. Ne5 Ra6 60. g4 Ra4+ 61. Kg5 hxg4 62. fxg4 fxg4 63. Nxg4 Ra5+ 64. Kf4 Kf7 65. Ne5+ Kf6 66. Ng4+ Ke6 67. Nf2 Ra4+ 68. Kg5 Kf7 69. Nd3 Ra5+ 70. Kg4 Kf6 71. Ne1 Ra4+ 72. Kg3 Kf5 73. Nf3 Ra3 74. Kg2 Kf4 75. Nh2 Ra2+ 76. Kh3 Ra3+ 77. Kg2 Rg3+ 78. Kf2 Rh3 0-1

[Event "RUS-ch blitz"]
[Site "Sochi"]
[Date "2017.10.02"]
[Round "4"]
[White "Levin, Evgeny A"]
[Black "Nechaev, Oleg"]
[Result "0-1"]
[WhiteElo "2532"]
[BlackElo "2410"]
[PlyCount "73"]
[EventDate "2017.10.02"]
[EventType "swiss (blitz)"]
[EventRounds "20"]
[EventCountry "RUS"]
[SourceTitle "EXT 2018"]
[Source "ChessBase"]
[SourceDate "2017.10.13"]
[SourceVersion "1"]
[SourceVersionDate "2017.10.13"]
[SourceQuality "1"]

1. d4 Nf6 2. c4 c5 3. d5 b5 4. cxb5 a6 5. bxa6 g6 6. Nc3 Bg7 7. Nf3 0-0 8. e4 d6 9. Be2 Bxa6 10. 0-0 Qb6 11. Re1 Nfd7 12. Bxa6 Nxa6 13. Re2 Rfb8 14. Bg5 Kf8 15. h4 Nc7 16. Rc1 Nb5 17. Nxb5 Qxb5 18. b3 Ra3 19. Rcc2 Rba8 20. Qc1 R8a7 21. Bh6 f6 22. h5 Kf7 23. Qf4 Kg8 24. Bxg7 Kxg7 25. Qg4 Nf8 26. Nh4 Kf7 27. Kh2 Qd3 28. Rcd2 Qc3 29. hxg6+ hxg6 30. e5 dxe5 31. d6 exd6 32. Rxd6 Rxa2 33. Rxa2 Rxa2 34. Qe4 Qb4 35. Qxb4 cxb4 36. Nf3 Rb2 37. Rb6 0-1

[Event "RUS-ch blitz"]
[Site "Sochi"]
[Date "2017.10.02"]
[Round "9"]
[White "Moiseenko, Vadim"]
[Black "Nechaev, Oleg"]
[Result "1-0"]
[WhiteElo "2558"]
[BlackElo "2410"]
[PlyCount "95"]
[EventDate "2017.10.02"]
[EventType "swiss (blitz)"]
[EventRounds "20"]
[EventCountry "RUS"]
[SourceTitle "EXT 2018"]
[Source "ChessBase"]
[SourceDate "2017.10.13"]
[SourceVersion "1"]
[SourceVersionDate "2017.10.13"]
[SourceQuality "1"]

1. e4 c5 2. f4 Nc6 3. Nf3 g6 4. Bb5 Nd4 5. Nxd4 cxd4 6. 0-0 Bg7 7. f5 gxf5 8. Rxf5 e6 9. Rf1 Qg5 10. Be2 Ne7 11. d3 Qc5 12. b4 Qc7 13. Na3 d5 14. Bf4 Qd7 15. Qe1 0-0 16. Kh1 dxe4 17. dxe4 Ng6 18. Bg5 d3 19. cxd3 Bxa1 20. Qxa1 e5 21. Nc4 Qe6 22. Ne3 f6 23. Bh6 Rf7 24. Nd5 b6 25. Qc1 Bb7 26. Nc7 Qc6 27. Nxa8 Bxa8 28. Qxc6 Bxc6 29. Rc1 Bb7 30. Bg4 Re7 31. b5 Kf7 32. g3 Nf8 33. Bh5+ Kg8 34. Bd1 Kf7 35. Bb3+ Ke8 36. Rf1 Nd7 37. Bc4 Kd8 38. Kg1 Kc7 39. Bd2 Rg7 40. Rf5 Bc8 41. Rh5 Nf8 42. Rh6 Ng6 43. Kf2 Kd6 44. h4 Be6 45. h5 Nf8 46. Rxf6 Ke7 47. Rxf8 Bxc4 48. Bb4+ 1-0